|
|
|
|
| LEADER |
01046naa a2200229 i 4500 |
| 001 |
acta71609 |
| 005 |
20230223134330.0 |
| 008 |
210120s2021 hu o 1|| eng d |
| 024 |
7 |
|
|a 10.14232/syrptbrs.2021.op6
|2 doi
|
| 040 |
|
|
|a SZTE Egyetemi Kiadványok Repozitórium
|b hun
|
| 041 |
|
|
|a eng
|
| 100 |
1 |
|
|a Mutavski Zorana
|
| 245 |
1 |
0 |
|a Potential of vinegar as extraction solvent
|h [elektronikus dokumentum] :
|b can we use it for herbal preparation? /
|c Mutavski Zorana
|
| 260 |
|
|
|c 2021
|
| 300 |
|
|
|a 18
|
| 490 |
0 |
|
|a Symposium of Young Researchers on Pharmaceutical Technology, Biotechnology and Regulatory Science
|v 3
|
| 650 |
|
4 |
|a Orvos- és egészségtudomány
|
| 650 |
|
4 |
|a Általános orvostudomány
|
| 695 |
|
|
|a Gyógyszertechnológia - előadáskivonat, Biotechnológia - előadáskivonat
|
| 700 |
0 |
1 |
|a Vidović Senka
|e aut
|
| 711 |
|
|
|a Symposium of Young Researchers on Pharmaceutical Technology, Biotechnology and Regulatory Science (3.)
|c Szeged
|d 2021
|
| 856 |
4 |
0 |
|u http://acta.bibl.u-szeged.hu/71609/1/syrptbrs_2021_018.pdf
|z Dokumentum-elérés
|